[Event "Berlin op 08"]
[Site "Berlin"]
[Date "2005.08.28"]
[Round "3"]
[White "Webner, Florian"]
[Black "Horward, Tobias"]
[Result "0-1"]
[WhiteElo "836"]
[BlackElo "779"]
[PlyCount "26"]
[EventDate "2005.08.27"]
[EventType "swiss"]
[EventRounds "7"]
[EventCountry "GER"]
[SourceTitle "EXT 2007"]
[Source "ChessBase"]
[SourceDate "2006.11.23"]
[SourceVersion "1"]
[SourceVersionDate "2006.11.23"]
[SourceQuality "1"]

1. e4 e5 2. Nf3 Nc6 3. Bc4 Nf6 4. Ng5 d5 5. exd5 Na5 6. Bb5+ c6 7. dxc6 bxc6 8. Be2 h6 9. Nf3 e4 10. Ne5 Qd4 11. f4 Bc5 12. d3 0-0 13. Bd2 Qf2# 0-1